[Event "Starogard Gdanski-ch"]
[Site "Starogard Gdanski"]
[Date "2017.11.24"]
[Round "8.1"]
[White "Zwara, Karolina"]
[Black "Zurawski, Tadeusz"]
[Result "0-1"]
[WhiteElo "1000"]
[BlackElo "1400"]
[PlyCount "74"]
[EventDate "2017.10.06"]
[EventType "tourn"]
[EventRounds "9"]
[EventCountry "POL"]
[SourceTitle "EXT 2023"]
[Source "ChessBase"]
[SourceDate "2022.10.05"]
[SourceVersion "1"]
[SourceVersionDate "2022.10.05"]
[SourceQuality "1"]

1. d4 d5 2. e3 a6 3. Nf3 f6 4. Nc3 Nc6 5. Bd3 e6 6. 0-0 Bd6 7. g3 Qe7 8. a3 Bd7 9. Ne2 0-0-0 10. b4 e5 11. c3 e4 12. Nh4 exd3 13. Qxd3 Nb8 14. a4 Nh6 15. Nf4 c6 16. c4 dxc4 17. Qxc4 Bxb4 18. Rb1 Bd6 19. Qa2 Bxf4 20. gxf4 Be6 21. Qc2 Bd5 22. f3 g6 23. Qc3 f5 24. e4 fxe4 25. fxe4 Bxe4 26. Rb2 Qxh4 27. Qc5 Qg4+ 28. Kf2 Bd5 29. Qb6 Rd7 30. Qa7 Qg2+ 31. Ke3 Re8+ 32. Kd3 Qxf1+ 33. Kd2 Re2+ 34. Kc3 Qxc1+ 35. Kd3 Rxb2 36. Qa8 Qxf4 37. h3 Qf3# 0-1